|
|
|
|
| LEADER |
00000naa0a2200000 4500 |
| 001 |
668227 |
| 005 |
20250603103513.0 |
| 035 |
|
|
|a (RuTPU)RU\TPU\network\39451
|
| 035 |
|
|
|a RU\TPU\network\39232
|
| 090 |
|
|
|a 668227
|
| 100 |
|
|
|a 20220701d2022 k||y0rusy50 ca
|
| 101 |
0 |
|
|a rus
|
| 102 |
|
|
|a RU
|
| 135 |
|
|
|a drcn ---uucaa
|
| 181 |
|
0 |
|a i
|
| 182 |
|
0 |
|a b
|
| 200 |
1 |
|
|a Экономическая оценка конструктивных решений компенсаторов надземных участков нефтепровода
|f И. Н. Шахметов, Н. В. Чухарева
|
| 203 |
|
|
|a Текст
|c электронный
|
| 300 |
|
|
|a Заглавие с экрана
|
| 320 |
|
|
|a [Библиогр.: 5 назв.]
|
| 330 |
|
|
|a В работе проведен технологический расчет надземного участка магистрального нефтепровода, перекачивающего подогретую нефть, с разными конструкциями компенсаторов. Установлены металлозатраты для сооружения линейной части, рассчитаны уровни гидравлических потерь и энергозатрат. Определена оптимальная конструкция компенсатора, отвечающая условиям сбережения производственных ресурсов.
|
| 463 |
|
|
|t Транспорт и хранение углеводородов, ТХУ-2022
|o тезисы докладов III Международной научно-технической конференции молодых учёных, Омск, 21 апреля 2022
|f Омский государственный технический университет
|v [С. 74-76]
|d 2022
|
| 610 |
1 |
|
|a электронный ресурс
|
| 610 |
1 |
|
|a труды учёных ТПУ
|
| 610 |
1 |
|
|a нефтепроводы
|
| 610 |
1 |
|
|a надземная прокладка
|
| 610 |
1 |
|
|a продольные перемещения
|
| 610 |
1 |
|
|a компенсаторы
|
| 610 |
1 |
|
|a металлоемкость
|
| 610 |
1 |
|
|a гидравлические потери
|
| 610 |
1 |
|
|a энергозатраты
|
| 700 |
|
1 |
|a Шахметов
|b И. Н.
|g Игорь Николаевич
|
| 701 |
|
1 |
|a Чухарева
|b Н. В.
|c специалист в области нефтегазового дела
|c доцент Томского политехнического университета, кандидат химических наук
|f 1967-
|g Наталья Вячеславовна
|3 (RuTPU)RU\TPU\pers\26133
|9 11962
|
| 712 |
0 |
2 |
|a Национальный исследовательский Томский политехнический университет
|b Инженерная школа природных ресурсов
|b Отделение нефтегазового дела
|3 (RuTPU)RU\TPU\col\23546
|
| 801 |
|
2 |
|a RU
|b 63413507
|c 20220701
|g RCR
|
| 850 |
|
|
|a 63413507
|
| 856 |
4 |
|
|u https://disk.yandex.ru/i/Jtfbb3mPun69fA
|z https://disk.yandex.ru/i/Jtfbb3mPun69fA
|
| 942 |
|
|
|c CF
|